KOHA-Header-6

Principles of Marketing (Record no. 8783)

000 -LEADER
fixed length control field 00236nam a2200109Ia 4500
020 ## - INTERNATIONAL STANDARD BOOK NUMBER
ISBN 978-0136079415
100 ## - MAIN ENTRY--AUTHOR NAME
Personal name Kotler, Armstrong
245 #0 - TITLE STATEMENT
Title Principles of Marketing
260 ## - PUBLICATION, DISTRIBUTION, ETC. (IMPRINT)
Place of publication India
Name of publisher Dorling
Year of publication 2000
300 ## - PHYSICAL DESCRIPTION
Number of Pages 488
942 ## - ADDED ENTRY ELEMENTS (KOHA)
Koha item type Books
Holdings
Withdrawn status Lost status Collection code Permanent Location Current Location Shelving location Date acquired Full call number Accession Number Koha item type
    Marketing MAJU MAJU   2019-09-14 658.403 3763 Marketing

Powered by Koha